Automatización de bibliotecas (Record no. 127256)

MARC details
000 -LEADER
campo de control de longitud fija 00901nam a2200253 4500
001 - NÚMERO DE CONTROL
campo de control 127256
003 - IDENTIFICADOR DE NÚMERO DE CONTROL
campo de control ES-MaACL
005 - FECHA Y HORA DE LA ÚLTIMA TRANSACCIÓN
campo de control 20250824201533.0
007 - CAMPO FIJO DE DESCRIPCIÓN FÍSICA--INFORMACIÓN GENERAL
campo de control de longitud fija t|
008 - DATOS DE LONGITUD FIJA--INFORMACIÓN GENERAL
campo de control de longitud fija 070214s1989 sp r ||||1| spa d
020 ## - NÚMERO INTERNACIONAL ESTÁNDAR DEL LIBRO
Número Internacional Estándar del Libro 84-86168-39-2
020 ## - NÚMERO INTERNACIONAL ESTÁNDAR DEL LIBRO
Número Internacional Estándar del Libro 84-368-0451-1
100 1# - ENTRADA PRINCIPAL--NOMBRE DE PERSONA
Nombre de persona Reynolds, Dennis.
9 (RLIN) 96628
245 10 - MENCIÓN DEL TÍTULO
Título Automatización de bibliotecas
Resto del título : problemática y aplicaciones /
Mención de responsabilidad, etc. Dennis Reynolds ; traducción del inglés de Manuel Carrión Gútiez, David Torra Ferrer.
260 ## - PUBLICACIÓN, DISTRIBUCIÓN, ETC.
Lugar de publicación, distribución, etc. Madrid :
Nombre del editor, distribuidor, etc. Fundación Germán Sánchez Ruipèrez : Pirámide,
Fecha de publicación, distribución, etc. 1989.
300 ## - DESCRIPCIÓN FÍSICA
Extensión 840 p. ;
Dimensiones 22 cm.
490 1# - MENCIÓN DE SERIE
Mención de serie Biblioteca del libro
700 1# - ENTRADA AGREGADA--NOMBRE PERSONAL
Nombre de persona Carrión Gútiez, Manuel.
9 (RLIN) 35810
700 1# - ENTRADA AGREGADA--NOMBRE PERSONAL
Nombre de persona Torra Ferrer, David.
9 (RLIN) 110706
710 00 - ENTRADA AGREGADA--NOMBRE DE ENTIDAD CORPORATIVA
Nombre de entidad corporativa o nombre de jurisdicción como elemento de entrada Fundación Germán Sánchez Ruipérez.
9 (RLIN) 4313
830 00 - PUNTO DE ACCESO ADICIONAL DE SERIE-TÍTULO UNIFORME
Título uniforme Biblioteca del libro
9 (RLIN) 177916
852 ## - LOCALIZACIÓN
Ubicación ES-MaACL
Número de control de estantería L-13074
Sublocalización o colección R.116326
Holdings
Estatus retirado Estado de pérdida Estado de daño No para préstamo Biblioteca de origen Biblioteca actual Ubicación en estantería Fecha de adquisición Fuente de adquisición Total de préstamos Signatura topográfica completa Código de barras Visto por última vez Precio de reemplazo Tipo de ítem Koha
        Biblioteca del Ateneo de Madrid Biblioteca del Ateneo de Madrid Depósito 2 17/01/2008     L-13074 1132546 23/02/2023 23/02/2023 Libro impreso